Nalaganje...
Kavyadarsam :Acharya Dandi(S)
| Glavni avtor: | |
|---|---|
| Format: | Printed Book |
| Jezik: | Undetermined |
| Izdano: |
TVPM :
Kerala Bhasha Institute,
2002
|
| Teme: |
| LEADER | 00507nam a2200145Ia 4500 | ||
|---|---|---|---|
| 008 | 200324s9999 xx 000 0 und d | ||
| 082 | |a 8S1.09-POT-K | ||
| 100 | |a Vasudevan , Potti R | ||
| 245 | 0 | |a Kavyadarsam :Acharya Dandi(S) | |
| 260 | |a TVPM : |b Kerala Bhasha Institute, |c 2002 | ||
| 300 | |a 141p. | ||
| 650 | |a Sanskrit poetry criticism-- Sanskrit literature | ||
| 942 | |c BK | ||
| 999 | |c 284378 |d 284378 | ||
| 952 | |0 0 |1 0 |4 0 |6 8S1_09POTK |7 0 |9 302920 |a SDE |b SDE |d 2014-05-20 |l 0 |o 8S1.09-POT-K |p SDE20045 |r 2020-03-27 |w 2020-03-27 |y BK | ||